000 00513cam a22002051 4500
001 1697708
005 20180109081146.0
008 740625r19671932nyu b 000 0beng
010 _a 66027079
040 _aDLC
_cDLC
_dDLC
041 _aeng
080 _a194 GIB
082 0 0 _a194 GIB
100 1 _a24
101 _aFIL
245 1 4 _aThe philosophy of Descartes,
_cby A. Boyce Gibson.
504 _aBibliographical footnotes.
906 _a7
_bcbc
_corignew
_du
_eocip
_f19
_gy-gencatlg
942 _2ddc
_cBK
999 _c39948
_d39948